| 000 | 00674nam a22002057a 4500 | ||
|---|---|---|---|
| 003 | OSt | ||
| 005 | 20220531084005.0 | ||
| 006 | a||||er|||| 00| 0 | ||
| 007 | ta | ||
| 008 | 201104b2019 dr ac|||r ||| 00| j esp d | ||
| 040 |
_aDO-SdBNP _bspa _cBNPHU |
||
| 041 | _hspa | ||
| 082 |
_axxxx _bO694L |
||
| 245 |
_aEl orígen lejano de una historia / _cJosé León Asencio , prólogo ; Vivián Jiménes , redacción ; Román Ramos Urías , fotografía |
||
| 260 |
_aSanto Domingo : _bGrupo Ramos , _c2019 |
||
| 300 |
_a225 pg : _bfotos ; _c26 cm |
||
| 700 | 1 | 2 |
_aLeón Ascencio , José , _eprólogo . _977133 |
| 700 | 1 | 2 |
_aJiménez , Vivian , _eRedacción . _912398 |
| 942 |
_2ddc _cLBS1 |
||
| 999 |
_c49046 _d49046 |
||